<?xml version="1.0" encoding="UTF-8"?><marc:collection xmlns:marc="http://www.loc.gov/MARC21/slim">
  <marc:record>
    <marc:leader>00000nam##2200000za#4500</marc:leader>
    <marc:controlfield tag="001">9.644324</marc:controlfield>
    <marc:controlfield tag="003">CaOODSP</marc:controlfield>
    <marc:controlfield tag="005">20210624224604</marc:controlfield>
    <marc:controlfield tag="007">cr |||||||||||</marc:controlfield>
    <marc:controlfield tag="008">150407|2007||||xxc|||||o    f|0| 0 fre|d</marc:controlfield>
    <marc:datafield tag="040" ind1=" " ind2=" ">
      <marc:subfield code="a">CaOODSP</marc:subfield>
      <marc:subfield code="b">fre</marc:subfield>
    </marc:datafield>
    <marc:datafield tag="043" ind1=" " ind2=" ">
      <marc:subfield code="a">n-cn---</marc:subfield>
    </marc:datafield>
    <marc:datafield tag="086" ind1="1" ind2=" ">
      <marc:subfield code="a">R5-28/2007F-PDF</marc:subfield>
    </marc:datafield>
    <marc:datafield tag="110" ind1="1" ind2=" ">
      <marc:subfield code="a">Canada.</marc:subfield>
      <marc:subfield code="b">Affaires indiennes et du Nord.</marc:subfield>
    </marc:datafield>
    <marc:datafield tag="245" ind1="1" ind2="0">
      <marc:subfield code="a">Évaluation sommative de la Stratégie de gestion de l'eau des Premières nations / </marc:subfield>
      <marc:subfield code="h">[ressource électronique]</marc:subfield>
      <marc:subfield code="c">préparé par : Direction générale de l'évaluation, de la mesure du rendement et de l'examen, Secteur de la vérification et de l'évaluation, Affaires indiennes et du Nord Canada, et Direction générale du contrôleur ministériel, Direction de la mesure et de l'évaluation du rendement du Ministère, Santé Canada. </marc:subfield>
    </marc:datafield>
    <marc:datafield tag="260" ind1=" " ind2=" ">
      <marc:subfield code="a">Ottawa - Ontario : </marc:subfield>
      <marc:subfield code="b">Affaires indiennes et du Nord </marc:subfield>
      <marc:subfield code="c">Décembre 2007.</marc:subfield>
    </marc:datafield>
    <marc:datafield tag="300" ind1=" " ind2=" ">
      <marc:subfield code="a">155p.</marc:subfield>
      <marc:subfield code="b">graphiques, tableaux</marc:subfield>
    </marc:datafield>
    <marc:datafield tag="504" ind1=" " ind2=" ">
      <marc:subfield code="a">Bibliographie.</marc:subfield>
    </marc:datafield>
    <marc:datafield tag="590" ind1=" " ind2=" ">
      <marc:subfield code="a">15-03-Supp</marc:subfield>
      <marc:subfield code="b">2015-03-13</marc:subfield>
    </marc:datafield>
    <marc:datafield tag="691" ind1="0" ind2="7">
      <marc:subfield code="a">Réserve autochtone</marc:subfield>
      <marc:subfield code="2">gcpds</marc:subfield>
    </marc:datafield>
    <marc:datafield tag="691" ind1="0" ind2="7">
      <marc:subfield code="a">Gestion de l'eau</marc:subfield>
      <marc:subfield code="2">gcpds</marc:subfield>
    </marc:datafield>
    <marc:datafield tag="775" ind1="0" ind2="8">
      <marc:subfield code="t">Summative evaluation of the First Nations Water Management Strategy / </marc:subfield>
      <marc:subfield code="w">(CaOODSP)9.700280</marc:subfield>
    </marc:datafield>
    <marc:datafield tag="856" ind1="4" ind2="0">
      <marc:subfield code="a">http://publications.gc.ca</marc:subfield>
      <marc:subfield code="q">PDF</marc:subfield>
      <marc:subfield code="s">1.76 Mo</marc:subfield>
      <marc:subfield code="u">https://publications.gc.ca/collections/collection_2015/aadnc-aandc/R5-28-2007-fra.pdf</marc:subfield>
    </marc:datafield>
    <marc:datafield tag="986" ind1=" " ind2=" ">
      <marc:subfield code="a">Projet 06/13</marc:subfield>
    </marc:datafield>
  </marc:record>
</marc:collection>
